| 000 | 00482nam a2200157 i 4500 | ||
|---|---|---|---|
| 001 | 34797 | ||
| 003 | ES-MaACL | ||
| 005 | 20230906155011.0 | ||
| 007 | t| | ||
| 008 | 030211s1933 fr ||||1| fre d | ||
| 100 | 1 |
_aBonnecase, Julien. _930235 |
|
| 245 | 1 | 3 |
_aLa pensée juridique française de 1804 a l'heure presente les variations et ses traits essentiels / _cJulien Bonnecase. |
| 260 |
_aBordeaux : _bDelmas, _c1933. |
||
| 300 |
_a2 v. ; _c25 cm. |
||
| 852 |
_aES-MaACL _jA-3404-5 |
||
| 999 |
_c34797 _d34797 |
||